Sports Quiz

Random Sports or Soccer Quiz

Premier League 2018/19 Stats 10 to 1 Quiz Stats

 Plays Quiz not verified by Sporcle

Score 0/55 Timer 15:00
23 Plays Today
% Correct
Mohamed Salah
78.4%
Eden Hazard
76.6%
Alisson
76.5%
Pierre-Emerick Aubameyang
76.4%
Mohamed Salah
75.7%
Eden Hazard
75.7%
Pierre-Emerick Aubameyang
73.5%
Sergio Agüero
73.2%
Hugo Lloris
71.8%
Ederson
71.3%
Harry Kane
71.3%
Aleksandar Mitrovic
70.6%
Kepa Arrizabalaga
69.8%
Sadio Mané
69.8%
Jordan Pickford
69.6%
Sadio Mané
69.5%
Christian Eriksen
66.3%
Trent Alexander-Arnold
63.4%
Martin Dubravka
60.5%
Aleksandar Mitrovic
60.5%
Andrew Robertson
59.4%
Jorginho
56.8%
Paul Pogba
55.7%
Paul Pogba
54.8%
Andrew Robertson
53.7%
César Azpilicueta
52.7%
Leroy Sané
49.2%
Ben Mee
49%
% Correct
Aaron Wan-Bissaka
49%
Ryan Fraser
48.6%
Aymeric Laporte
48.2%
Virgil van Dijk
45.8%
César Azpilicueta
45.3%
Jamie Vardy
45.1%
Raheem Sterling
43.8%
Conor Coady
43.2%
Craig Cathcart
43.2%
Idrissa Gueye
39.8%
Declan Rice
38.5%
David Luiz
38%
Wilfred Ndidi
37.5%
Raúl Jiménez
36.1%
Wesley Hoedt
35%
Glenn Murray
34.1%
Antonio Rüdiger
33.5%
Wes Morgan
29.5%
Chris Wood
28.7%
Kyle Walker
28.5%
Salomón Rondón
28.4%
Callum Wilson
21.5%
Pierre-Emile Højbjerg
19.9%
Etienne Capoue
18.8%
Ricardo Pereira
18.4%
Gerard Deulofeu
17.5%
João Moutinho
16.8%

You're not logged in!

Compare scores with friends on all Sporcle quizzes.
OR
Log In

Show Comments

Extras

Top Quizzes Today


Score Distribution

Your Account Isn't Verified!

In order to create a playlist on Sporcle, you need to verify the email address you used during registration. Go to your Sporcle Settings to finish the process.

Report this User

Report this user for behavior that violates our Community Guidelines.

Details: